00498nam a2200157Ia 450000500170000000800410001708200130005810000110007124500460008226000270012830000130015550000520016894200060022095200990022699900150032520250313110433.0240331s9999 xx 000 0 und d bGNAa894 aGnani, 0aTamizhil naveenathuvam, pin naveenathuvam aBangalorebKaayac1997 a190 p ., aA book of Modernism and Post Modernism in Tamil cL 001040708LaWERCLbWERCLcSSCd2024-03-31l0o 894.811 GNAp2946r2024-03-31w2024-03-31yL c3966d3966